000 02153cam a22005294i 4500
003 PE-LiUPU
005 20250731173532.0
008 150616s r 000 0 d
020 _a0801043700
035 _a(Sirsi) i9780801043703
040 _aPE-LiUPU
_bspa
_cPE-LiUPU
_erda
049 _aPRUA
082 0 4 _a232.8
_bH22
_221
100 1 _aHarris, Murray J.,
_eautor.
245 1 0 _aJesus as God: the New Testament use of Theos in reference to Jesus /
_cMurray J. Harris.
264 1 _aGrand Rapids, Michigan :
_bBaker Book House,
_c1992.
300 _a379 páginas ;
_c23 centímetros
336 _atext
_2rdacontent
337 _aunmediated
_2rdamedia
338 _avolume
_2rdacarrier
504 _aIncluye bibliografía.
505 0 _aThe word was God.- The only son, who is God.- My lord and my God!.- The church of God.- God blessed forever.- Our great God and Savior.- The throne of God.
526 _aSEG42
526 _aSEG41
526 _aSEG40
526 _aSEG39
526 _aP94
526 _aP87
526 _aP86
526 _aP85
526 _aP77
526 _aP76
526 _aP35
600 1 _aJesucristo
_xDivinidad
_yIglesia primitiva, ca. 30-600
_vHistoria de las doctrinas
630 _aBiblia.
_pN.T.
_xCrítica, interpretación, etc.
650 0 4 _aTheos (La palabra griega).
910 _ajck
_bjvq
_cjck
942 _2ddc
_cBOOK
949 _a232.8 H22
_wDEWEY
_c1
_i42295
_lCCODEBUL1
_mBUL
_r0
_sY
_tBOOK
_u2015-6-16
_xTEOLOGIA
_zUNKNOWN
_0COMPRA
_o.STAFF. Colección General
949 _a232.8 H22
_wDEWEY
_c2
_i49949
_lCCODEBUL1
_mBUL
_r0
_sY
_tBOOK
_u2015-6-16
_xTEOLOGIA
_zUNKNOWN
_0COMPRA
_o.STAFF. Colección General
994 _aC0
_bPEPRU
596 _a1
999 _a232.8 H22
_wDEWEY
_c60126
_i42295
_f2021-11-10
_g5
_lCCODEBUL1
_mBUL
_r0
_sY
_tBOOK
_u2015-6-16
_xTEOLOGIA
_zUNKNOWN
_0COMPRA
_o.STAFF. Colección General
_d60126
999 _a232.8 H22
_wDEWEY
_c2
_i49949
_f2021-11-10
_g5
_lCCODEBUL1
_mBUL
_r0
_sY
_tBOOK
_u2015-6-16
_xTEOLOGIA
_zUNKNOWN
_0COMPRA
_o.STAFF. Colección General
980 _81
_gALBERTO SANCHEZ Responsable de Automatización